Ideas and trends in rural society of Bangladesh / (Record no. 34120)
[ view plain ]
| 000 -LEADER | |
|---|---|
| fixed length control field | 00977nam a2200277 a 4500 |
| 001 - CONTROL NUMBER | |
| control field | 34120 |
| 003 - CONTROL NUMBER IDENTIFIER | |
| rucl marc code | BD-RjUL |
| 005 - DATE AND TIME OF LATEST TRANSACTION | |
| control field | 20211209052117.0 |
| 008 - FIXED-LENGTH DATA ELEMENTS--GENERAL INFORMATION | |
| fixed length control field | 140514s1983 bg b 001 0 eng d |
| 035 ## - SYSTEM CONTROL NUMBER | |
| System control number | (BD-RjUL)34214 |
| 040 ## - CATALOGING SOURCE | |
| Original cataloging agency | DLC |
| Transcribing agency | DLC |
| Modifying agency | DLC |
| -- | BD-RjUL |
| Language of cataloging | eng |
| 041 ## - LANGUAGE CODE | |
| Language code of text/sound track or separate title | eng |
| 082 00 - DEWEY DECIMAL CLASSIFICATION NUMBER | |
| Classification number | 306.095492 |
| Edition number | 19 |
| Author mark and year | SAI 1983 |
| 100 1# - MAIN ENTRY--PERSONAL NAME | |
| Personal name | Sarker, Profulla Chandra. |
| 9 (RLIN) | 53818 |
| 245 10 - TITLE STATEMENT | |
| Title | Ideas and trends in rural society of Bangladesh / |
| Statement of responsibility, etc. | Profulla C. Sarker. |
| 260 ## - PUBLICATION, DISTRIBUTION, ETC. (IMPRINT) | |
| Place of publication, distribution, etc. | Dhaka, Bangladesh : |
| Name of publisher, distributor, etc. | International Union for Child Welfare, |
| Date of publication, distribution, etc. | 1983. |
| 300 ## - PHYSICAL DESCRIPTION | |
| Pagination | xi, 139 p. ; |
| Illustrations | 23 cm. |
| 500 ## - GENERAL NOTE | |
| General note | Papers from the author's thesis "Aspect of caste and social structure in a rural community of Bangladesh". |
| General note | Includes index. |
| 504 ## - BIBLIOGRAPHY, ETC. NOTE | |
| Bibliography, etc | Bibliography: p. 127-129. and index. |
| 651 #0 - SUBJECT ADDED ENTRY--GEOGRAPHIC NAME | |
| Geographic name | Bangladesh |
| General subdivision | Social life and customs. |
| 9 (RLIN) | 28394 |
| Geographic name | Bangladesh |
| General subdivision | Rural conditions. |
| 9 (RLIN) | 103727 |
| 942 ## - ADDED ENTRY ELEMENTS (KOHA) | |
| Source of classification or shelving scheme | Dewey Decimal Classification |
| Koha item type | Books |
| Lost status | Source of classification or shelving scheme | Damaged status | Not for loan | Collection code | Permanent Location | Current Location | Shelving location | Date acquired | Source of acquisition | Cost, normal purchase price | Total Checkouts | Full call number | Date last seen | Copy number | Koha item type |
|---|---|---|---|---|---|---|---|---|---|---|---|---|---|---|---|
| Dewey Decimal Classification | Not For Loan | Non-fiction | Central Library, University of Rajshahi | Central Library, University of Rajshahi | Reading Room | 08/03/1984 | N/A | 0.00 | 306.095492 SAI 1983 | 14/05/2014 | C-1 | Books | |||
| Dewey Decimal Classification | Non-fiction | Central Library, University of Rajshahi | Central Library, University of Rajshahi | 08/03/1984 | N/A | 0.00 | 306.095492 SAI 1983 | 14/05/2014 | C-9 | Books | |||||
| Dewey Decimal Classification | Non-fiction | Central Library, University of Rajshahi | Central Library, University of Rajshahi | 08/03/1984 | N/A | 0.00 | 306.095492 SAI 1983 | 14/05/2014 | C-7 | Books | |||||
| Dewey Decimal Classification | Non-fiction | Central Library, University of Rajshahi | Central Library, University of Rajshahi | 21/07/1983 | IUCW, Dhaka | 55.00 | 306.095492 SAI 1983 | 15/05/2014 | C-2 | Books | |||||
| Dewey Decimal Classification | Non-fiction | Central Library, University of Rajshahi | Central Library, University of Rajshahi | 21/07/1983 | IUCW, Dhaka | 55.00 | 306.095492 SAI 1983 | 15/05/2014 | C-4 | Books | |||||
| Dewey Decimal Classification | Non-fiction | Central Library, University of Rajshahi | Central Library, University of Rajshahi | 08/03/1984 | N/A | 0.00 | 306.095492 SAI 1983 | 15/05/2014 | C-3 | Books | |||||
| Dewey Decimal Classification | Non-fiction | Central Library, University of Rajshahi | Central Library, University of Rajshahi | 08/03/1984 | I. U. C. W Dhaka | 0.00 | 306.095492 SAI 1983 | 15/05/2014 | C-5 | Books | |||||
| Dewey Decimal Classification | Non-fiction | Central Library, University of Rajshahi | Central Library, University of Rajshahi | 08/03/1984 | I. U. C. W Dhaka | 0.00 | 306.095492 SAI 1983 | 15/05/2014 | C-6 | Books | |||||
| Dewey Decimal Classification | Non-fiction | Central Library, University of Rajshahi | Central Library, University of Rajshahi | 08/03/1984 | I. U. C. W Dhaka | 0.00 | 306.095492 SAI 1983 | 15/05/2014 | C-8 | Books | |||||
| Dewey Decimal Classification | Non-fiction | Central Library, University of Rajshahi | Central Library, University of Rajshahi | 08/03/1984 | I. U. C. W Dhaka | 0.00 | 306.095492 SAI 1983 | 15/05/2014 | C-10 | Books |